01203cam a2200313 a 45000010005000000030006000050050017000110080041000280100017000690200015000860200030001010200030001310200018001610400023001790500017002020820010002191000029002292450091002582500041003492600046003903000041004365050007004775200267004845210018007515210018007696500029007876500038008167000035008545964FISKH20250213092116.0040513s2005 maua b 000 1 eng  a 2004051833 a076362361X a9780763648527 (hardcover) a9781536200768 (paperback) a9780763648510 aDLCcDLCdDLCbeng a PZ7.M1487 J a813.61 aMcDonald, Megand(1959-)10aJudy Moody declares independence /cMegan McDonald ; illustrated by Peter H. Reynolds. aThis edition first published in 2010 aMassachusetts :bCandlewick Press,c2005. a144 pages :billustrations ;c20 cm. aN  aAfter learning about the American Revolution on a family trip to Boston, Massachusetts, Judy Moody makes her own Declaration of Independence and tries to prove that she is responsible enough to have more freedoms, such as a higher allowance and her own bathroom.8 a530 bLexile 8 aN bRaz-Plus  1aResponsibilityvFiction. 1aHumorous stories.2Boston (Mass.)1 aReynolds, Peter Hqillustrator